Guess the Taylor Swift Song (no hints) 14 - Statistics

General Stats
  • This quiz has been taken 438 times
  • The average score is 818 of 973
Answer Stats
Answer % Correct
I
99%
a
97%
A
97%
we
97%
me
96%
me,
96%
you,
96%
You
96%
you
96%
the
95%
The
95%
to
95%
To
95%
in
94%
my
93%
where
93%
your
93%
an
92%
do
92%
it
92%
It
92%
no
92%
on
92%
too
92%
too?
92%
was
92%
We're
92%
were
92%
when
92%
all
91%
all,
91%
And
91%
and
91%
be
91%
I'm
91%
like
91%
So
91%
so
91%
he
90%
love,
90%
love
90%
was
90%
well
90%
well,
90%
Well,
90%
well?
90%
are
89%
at
88%
it's
88%
"It's
88%
of
88%
then
88%
there
88%
There
88%
there,
88%
But
87%
but
87%
now
87%
Now
87%
That
87%
that
87%
up
87%
who
87%
with
87%
got
86%
her
86%
know
86%
not
86%
Not
86%
Some
86%
walk
86%
again
85%
again,
85%
remember
85%
what
85%
air
84%
can
84%
'Cause
84%
'cause
84%
cold
84%
door
84%
get
84%
home
84%
house
84%
left
84%
still
84%
walked
84%
you're
84%
car,
83%
car
83%
felt
83%
for
83%
never
83%
Oh,
83%
oh,
83%
oh
83%
say
83%
scarf
83%
sister's
83%
this
83%
time
83%
Time
83%
us,
83%
us),
83%
why
83%
as
82%
call
82%
down
82%
down,
82%
Down
82%
even
82%
here
82%
ever
81%
gone
81%
just
81%
Just
81%
(Just
81%
lost
81%
They
81%
thing
81%
after
80%
After
80%
always
80%
back
80%
Back
80%
she?
80%
through
80%
town
80%
you've
80%
about
79%
by
79%
had
79%
have
79%
I'd
79%
Key
79%
night
79%
night,
79%
one"
79%
one
79%
piece
79%
something
79%
twin
79%
could
78%
fine
78%
"Fuck
78%
if
78%
being
77%
'bout
77%
break
77%
chain
77%
dancing
77%
drawer,
77%
fall
77%
ground,
77%
"I'll
77%
light
77%
long
77%
name
77%
red
77%
said
77%
said,
77%
somehow
77%
telling
77%
thinking
77%
turning
77%
want
77%
come
76%
days
76%
future
76%
getting
76%
He's
76%
little
76%
made
76%
maybe
76%
Maybe
76%
promise
76%
bed
75%
called
75%
can't
75%
casually
75%
cruel
75%
Every
75%
from
75%
From
75%
gonna
75%
honest
75%
keys,
75%
kitchen
75%
lookin'
75%
middle
75%
over
75%
paper
75%
past,
75%
patriarchy"
75%
sweet
75%
team
75%
used
75%
would
75%
any
74%
been
74%
glasses
74%
hair,
74%
kid
74%
much
74%
old
74%
sized
74%
stairs,
74%
asked
73%
ball
73%
did
73%
drive
73%
eyed
73%
gaze
73%
lying
73%
masterpiece
73%
mind
73%
more
73%
new
73%
nothing
73%
okay,
73%
skipping
73%
stories
73%
street
73%
these
73%
'Til
73%
told
73%
tossing
73%
wide
73%
age
72%
age"
72%
almost
72%
first
72%
forget
72%
Hell
72%
might
72%
mother's
72%
own
72%
picture
72%
That's
72%
very
72%
cheeks
71%
die
71%
disposition
71%
fun
71%
jokes
71%
jokes,
71%
keep
71%
kept
71%
loved
71%
magic's
71%
needed
71%
'round
71%
secret,
71%
self
71%
singing
71%
things
71%
translation
71%
twenty
71%
Wind
71%
closer
70%
find
70%
reminds
70%
same
70%
smells
70%
swear
70%
upstate
70%
all's
69%
alone
69%
ends
69%
enough
69%
falling
69%
into
69%
months
69%
oath
69%
place
69%
ran
69%
refrigerator
69%
tee
69%
three
69%
tore
69%
trying
69%
week
69%
who's
69%
won't
69%
Check
68%
cross
68%
dad
68%
else
68%
fly,
68%
happened,
68%
idea
68%
nobody
68%
real
68%
shame
68%
supposed
68%
dead
67%
held
67%
how
67%
innocence
67%
late
67%
leaves
67%
Photo
67%
rare,
67%
rid
67%
show
67%
stay
67%
swearing
67%
went
67%
yeah
67%
actress
66%
buried
66%
counter,
66%
double
66%
front
66%
goes
66%
good
66%
grave
66%
known
66%
reflects
66%
shine
66%
watch
66%
album
65%
asking
65%
Autumn
65%
before
65%
lifeless
65%
pieces
65%
pulse
65%
jewel
64%
line
64%
older,
64%
prayer
64%
prayer,
64%
scared,
64%
we'd
64%
bathroom
63%
charmed
63%
coffee
63%
frame
63%
mail
63%
nights
63%
party
63%
punch
63%
Running
63%
Sipping
63%
watched
63%
between
62%
lovely
62%
reached
62%
crumpled
61%
lovers
61%
Sacred
61%
shirt
61%
willing
61%
wondered
61%
affair
60%
bones
59%
half
59%
whose
59%
blue?
58%
flame
58%
needy,
58%
plaid
58%
returning
58%
snow
58%
fell
57%
paralyzed
57%
skin
57%
soldier
57%
weight
57%
broke
56%
paint
56%
maim
55%
weeping
54%
Brooklyn
52%
effacing
52%
bruise
51%
glistened
50%
city's
47%
barren
38%
No matching quizzes found
Score Distribution
Percent of People with Each Score
Percentile by Number Answered
Your Score History
You have not taken this quiz